Titanic : el juego [juego] /

Guardado en:
Otros Autores: I.toyco
Formato: Objeto Físico
Publicado: Argentina : Toyco, [199?]
Materias:
Etiquetas: Agregar Etiqueta
Sin Etiquetas, Sea el primero en etiquetar este registro!
LEADER 00898nrm a22001695g 4500
001 CEM.cems019433
008 130507b199?##################0###0#####d
005 20220830181906.0
245 0 0 |a Titanic :  |b el juego [juego] /  |c Toyco 
260 |a Argentina :  |b Toyco,  |c [199?] 
300 |a 1 juego (1 tablero, 1 dado, 6 peones, 32 telegramas, 6 pasaportes, 18 fichas camarero, 72 cartas conversación, 24 cartas valores personales, dinero) ; en caja 28 x 38 x 5 cm. + manual instrucciones. 
500 |a Para 2 a 6 jugadores a partir de 7 años objetivo: reunir las cinco cartas de valores personales para pasar de segunda a primera clase del barco. Evitando volver a tercera clase y tratando de alcanzar a tiempo los botes de rescate. 
700 1 |a I.toyco 
082 0 4 |a J793.9 
653 |a 1. juegos de manejo de dinero 
653 |a 2. juegos de aventura 
859 |a CEMS  |b BIB. CEMS - Ludoteca  |h J793.9  |i T668  |p 196.99  |t Ej.1